000
00331nam a22001457a 4500
008
210429b ||||| |||| 00| 0 eng d
020
_a
9780471488859
041
_a
eng
080
_2
9th
_a
510
082
_a
510
100
_a
38
101
_a
MAT
245
_a
Advanced Engineering Mathematics
_c
Erwin Kreyszig
942
_2
udc
_c
BK
999
_c
57005
_d
57005